00646nam a2200193 a 450000100100000000500170001000800410002702000180006804000250008608200270011110000270013824500760016525000250024126000360026630000280030250000570033065000280038765000370041500004876420201002061405.0190411s2016 dr 000 0 spa d a9789945886030 aDO-SdBNPbspacBNPHU a616.89156bV496c, 20161 aVergés, Luis,d1962-10aConceptos y habilidades básicas en terapia familiar /cLuis Vergés. a2a. ed. rev. y ampl. aSanto Domingo :bBúho,c2016. a444 p. :bil. ;c22 cm. aIncluye datos biográficos del autor en las solapas 4aPsicoterapía familiar 4aFamiliaxAspectos psicológicos